|
|
|
|
| LEADER |
00934nam a22002532a 4500 |
| 001 |
001279405 |
| 003 |
CZ BrMZK |
| 005 |
20130215081741.0 |
| 007 |
ta |
| 008 |
130215s1973 xo er|||||||||||slo d |
| 040 |
|
|
|a ABA001
|b cze
|c ABA001
|d ABA001
|d BOA001
|
| 080 |
9 |
|
|a 336.741.225.3(075.8)=854
|
| 100 |
1 |
|
|a Gallo, Pavol
|7 jx20040806005
|4 aut
|
| 245 |
1 |
0 |
|a Peňažný obeh a úver :
|b vybrané kapitoly /
|c Pavol Gallo
|
| 250 |
|
|
|a 1. vyd.
|
| 260 |
|
|
|a Bratislava :
|b Vysoká škola ekonomická,
|c 1973
|
| 300 |
|
|
|a 169 s.
|
| 490 |
1 |
|
|a Vysokoškolské skriptá
|
| 500 |
|
|
|a Vysoká škola ekonomická v Bratislave. Fakulta národohospodárska
|
| 810 |
2 |
|
|a Vysoká škola ekonomická v Bratislave.
|b Fakulta národohospodárska.
|t Vysokoškolské skriptá
|0 s
|
| 910 |
|
|
|a BOA001
|b 2-0699.272
|
| 990 |
|
|
|a BK
|
| 991 |
|
|
|b 201302
|
| 996 |
7 |
|
|b 2619667861
|c 2-0699.272
|l Sklad H1
|r Sklad / do 24 hodin
|n 0
|h HS212
|w 001313599
|u 000010
|a 1
|e BOA001
|j MZK50
|s A
|